000 01278cam a2200313 a 4500
001 31272
003 BD-RjUL
005 20211209051659.0
008 140415t1934 enkuu p 0 0eng d
035 _a(BD-RjUL)31359
040 _aDLC
_beng
_cDLC
_dBD-RjUL
041 _aeng
082 0 4 _a373.42
_bPUB 1934
212 1 _aPublic & preparatory schools year book
245 0 4 _aThe public and preparatory schools year book 1953 /
_cedited by J.F. Burnet ; L.W. Taylor
260 _aLondon :
_bAdam and Charles black,
_c1934.
300 _axxxiv, 1046 p. ;
_c19 cm
500 _a"The official book of reference of the Headmasters' Conference and of the Association of Preparatory Schools"
650 0 _aPrivate schools
_zGreat Britain
_vDirectories.
_995166
650 0 _aEndowed public schools (Great Britain)
_vDirectories.
_995167
650 0 _aBoys
_xEducation
_zGreat Britain
_vDirectories.
_995168
700 1 _aBUrnet, JF.
_995169
700 1 _aTaylor, L.W.
_995170
710 2 _aAssociation of Preparatory Schools.
_995171
711 2 _aHeadmasters' Conference.
_995172
780 0 0 _tPublic schools year book
_w(UkOxU)010780007
785 0 0 _tIndependent schools yearbook. Boys' schools, co-educational schools & preparatory schools
_w(UkOxU)010355659
942 _2ddc
_cBK
999 _c31272
_d31272